000 00451nam a2200181Ia 4500
001 20914
005 20260306172840.0
008 260306t2014||||xx |||||||||||||| ||spa||
041 _aESP
082 _a343.8
_bS24 Nº 1 2012
100 _aSánchez Rojas, Oscar
_eAUT
245 0 _aLa facultad de fiscalización de la SUNAT
260 _c2014
300 _a309 páginas :
_c29 cm.
650 _aGEN
654 _aCCO
942 _cLIB
_dJUS
_fJUS
_2ddc
_n
999 _c20914
_d20914